| 000 | 01534cam a2200253 i 4500 | ||
|---|---|---|---|
| 001 | 000254836 | ||
| 003 | AM-YeHGA | ||
| 005 | 20250618071718.0 | ||
| 008 | 030818s1984 ai 000 0 rus d | ||
| 040 | _aAM-YeHGA | ||
| 245 | 0 | 0 |
_aАннотированная библиография по археологии, этнографии и средневековой истории Армении / _cАН АрмССР. Сектор науч. информ. по обществ. наукам; Сост. Л.З. Закарян; Ред. кол.: Х.А. Барсегян ( гл. ред. ) и др. |
| 246 | 3 | _aՀնագիտություն, ազգագրություն և Հայաստանի միջնադարյան պատմության անոտացված մատենագիտություն | |
| 260 |
_aЕреван : _bИзд-во АН АрмССР, _c1984. |
||
| 300 |
_a26 с. ; _c20 см. |
||
| 440 | 0 |
_aНаучно-информационный бюллетень _nСерия 2 _pБиблиография _vN 2 ( 74 ) |
|
| 650 | 1 | 4 |
_aАрхеология _zАрмения |
| 650 | 1 | 4 |
_aЭтнография _zАрмения |
| 650 | 1 | 4 |
_aИстория _yСредние века _zАрмения |
| 700 | 1 |
_aЗакарян, Л.З. _eсост. _4com |
|
| 700 | 1 |
_aԲարսեղյան, Խիկար Հակոբի, _d1918-1996 _eред. _4edt _91997 |
|
| 710 | 2 |
_aАкадемия наук Армянской ССР. _bСектор научной информации по общественным наукам |
|
| 942 |
_2udc _cBK |
||
| 090 | _c93017 | ||
| 999 |
_c91719 _d91719 |
||